00524nam a2200157 a 450000100100000000500170001000800410002702000150006804000250008310000280010824500510013626000350018730000210022295201060024399900170034900004004720201002033902.0130805s1998 xxu 000 0 spa d a0590496379 aDO-SdBNPbspacBNPHU1 aApplegate, K. A.96630310aAnimorphs :bthe discovery /cK. A. Applegate. aNew York :bScholastic,c1998. a153 p. ;c20 cm. 0010507-18MOaPDbPDcOId2013-08-05iLF1l0o p40047-10r2020-06-25w2020-06-25y1ZNo se presta c39537d39537